000 013000000a22003130004500
001 39
003 CO-MdFUSB
005 20180622165925.0
008 160318t20012001spa |f |||| 00| 0 spa d
010 _aCO-MdFUSB
020 _a84-3301649-0
040 _cCO-MdFUSB
_erda
082 0 4 _aG 261.835 N424c
100 1 _aNelson, James B.
245 1 0 _aLa conexión íntima
_b : sexualidad del varón, espiritualidad masculina
_c / James B. Nelson
260 _aBilbao : Desclée de Brouwer
264 _aBilbao
_b : Desclée de Brouwer
_c2001
300 _a223 p.
336 _a5
_btxt
_2rdacontent
337 _2rdamedia
_a2
_bn
338 _a2
_2rdacarrier
_bnc
500 _aTítulo original en inglés : The intimate connection. Male sexuality, maculine spirituality
501 _arústico
504 _aIncluye referencias bibliográficas: páginas
505 0 0 _a1. Sexualidad del varón y espiritualidad masculina 2. Asumir el misterio sexual 3. Asumir la amistad 4. Asumir la mortalidad 5. Asumir la masculinidad 6. Nuevos caminos en la espiritualidad sexual
650 1 4 _aHOMOSEXUALIDAD - HOMBRE \ SEXO (TEOLOGIA) \ SEXO Y RELIGION
653 _aHOMOSEXUALIDAD - HOMBRE \ SEXO (TEOLOGIA) \ SEXO Y RELIGION
_aHOMOSEXUALIDAD - HOMBRE \ SEXO (TEOLOGIA) \ SEXO Y RELIGION
942 _cBK
999 _c31595
_d31595